Jordis famosos - Statistics

General Stats
  • This quiz has been taken 42 times
  • The average score is 8 of 15
Answer Stats
Hint Answer % Correct
President de la Generalitat de Catalunya del 1980 al 2003 Pujol
97%
El petit de tres germans cuiners Roca
86%
Lateral del Barça de Guardiola Alba
80%
Represaliats del "Procés", coneguts com els Jordis Sánchez
74%
Cuiner manresà famós pel programa de TV Masterchef Cruz
71%
No és el seu nom real. Relacionat amb la pornografia. ENP
71%
Presentador de TV que no envelleix Hurtado
71%
Cuixart
46%
Primer Jordi registrat durant el franquisme. Exfutbolista. Cruyff
43%
Periodista molt "follonero" Évole
43%
Personatge de dibuixos molt barcelonista Culé
29%
Exjugador i expresident del Joventut de Badalona. Villacampa
26%
Tertulià, articulista, filòsof... tot Alhora. Graupera
14%
Dibuixant, il·lustrador i dissenyador de moda Labanda
6%
Actor a "Jamón Jamón" o "Blow", entre altres Mollà
0%
No matching quizzes found
Score Distribution
Percent of People with Each Score
Percentile by Number Answered
Your Score History
You have not taken this quiz